{"text_format":"3","workbook":"xlsx","n_sheets":3,"sheets":["list","Лист1","data"],"read":"whole","date_system":"1900"}

{"sheet":"list","index":0,"n_rows":33,"n_cols":17,"rows_kept":33}
["№","СНИЛС","Фамлия","Имя","Отчество","Пол","Дата рождения","Участник с ОВЗ","Класс","Класс участия","Балл","Макс. Балл","Статус","Призер МЭ прошлого года","Учитель","Место работы учителя","Направление, вид практики  по технологии"]
[1,2,3,4,5,6,7,8,9,10,11,12,13,14,15,16,17]
[1,15807139272,"Илюхина","Ева","Алексеевна","Ж","2010-02-14","нет",7,7,29,80,"участник",null,"Лагинская Елена Ивановна","МБОУ СОШ \" НМР РТ"]
[2,16184085671,"Закирова","Динара","Айдаровна","Ж","2010-01-29","нет",7,7,27,80,"участник",null,"Лагинская Елена Ивановна","МБОУ СОШ \" НМР РТ"]
[3,17691052387,"Корнилов","Алексей","Сергеевич","м","2010-06-01","нет",7,7,25,80,"участник",null,"Лагинская Елена Ивановна","МБОУ СОШ \" НМР РТ"]
[4,15698669245,"Евграфов","Максим","Андреевич","М","2009-11-24","нет",7,7,25,80,"участник",null,"Лагинская Елена Ивановна","МБОУ СОШ \" НМР РТ"]
[5,15861524988,"Фарваева","Карина","Альбертовна","Ж","2010-03-23","нет",7,7,20,80,"участник",null,"Лагинская Елена Ивановна","МБОУ СОШ \" НМР РТ"]
[6,16160483651,"Мотыгуллов","Амир","Айдарович","М","2010-08-01","нет",7,7,17,80,"участник",null,"Лагинская Елена Ивановна","МБОУ СОШ \" НМР РТ"]
[7,15668520800,"Гатина","Самина","Маратовна","Ж","2009-10-20","нет",7,7,15,80,"участник",null,"Лагинская Елена Ивановна","МБОУ СОШ \" НМР РТ"]
[8,16377352893,"Каримова","Азалия","Азатовна","Ж","2010-06-12","нет",7,7,14,80,"участник",null,"Лагинская Елена Ивановна","МБОУ СОШ \" НМР РТ"]
[9,15746712086,"Грошев","Даниил","Евгеньевич","М","2010-01-30","нет",7,7,11,80,"участник",null,"Лагинская Елена Ивановна","МБОУ СОШ \" НМР РТ"]
[10,15813075258,"Капитонов","Руслан","Валерьевич","М","2010-01-04","нет",7,7,11,80,"участник",null,"Лагинская Елена Ивановна","МБОУ СОШ \" НМР РТ"]
[11,"16148638480","Акимова","Софья","Романовна","ж","2007-09-15","нет",10,10,20,100,"участник",null,"Лагинская Елена Ивановна","МБОУ СОШ \" НМР РТ"]
[12,"17954050799","Тюменцева","Елизавета","Владимировна","ж","2007-09-19","нет",10,10,24,100,"участник",null,"Лагинская Елена Ивановна","МБОУ СОШ \" НМР РТ"]
[13,"14775805603","Гарипов","Камиль","Ильгамович","м","2007-04-12","нет",10,10,19,100,"участник",null,"Лагинская Елена Ивановна","МБОУ СОШ \" НМР РТ"]
[14,"17363063666","Колымаев","Александр","Дмитриевич","м","2007-03-06","нет",10,10,19,100,"участник",null,"Лагинская Елена Ивановна","МБОУ СОШ \" НМР РТ"]
[15,"22360352829","Савин","Владимир","Павлович","м","2007-07-24","нет",10,10,19,100,"участник",null,"Лагинская Елена Ивановна","МБОУ СОШ \" НМР РТ"]
[16,"14736324063","Тютюкин","Даниил","Сергеевич","м","2007-08-28","нет",10,10,16,100,"участник",null,"Лагинская Елена Ивановна","МБОУ СОШ \" НМР РТ"]
[17,"15857304392","Шарифуллина","Алиса","Ильгамовна","ж","2007-06-05","нет",10,10,13,100,"участник",null,"Лагинская Елена Ивановна","МБОУ СОШ \" НМР РТ"]
[18,"16305607848","Красильников","Даниил","Павлович","м","2007-03-17","нет",10,10,10,100,"участник",null,"Лагинская Елена Ивановна","МБОУ СОШ \" НМР РТ"]
[19,"14726947800","Хусниярова","Адэлина","Раушановна","ж","2007-08-29","нет",10,10,4,100,"участник",null,"Лагинская Елена Ивановна","МБОУ СОШ \" НМР РТ"]
[20,"14655915591","Камалова","Адиля","Ильнуровна","ж","2007-04-17","нет",10,10,0,100,"участник",null,"Лагинская Елена Ивановна","МБОУ СОШ \" НМР РТ"]
[21,"15944955823","Кожевникова","Екатерина","Михайловна","ж","2006-12-03","нет",10,10,0,100,"участник",null,"Лагинская Елена Ивановна","МБОУ СОШ \" НМР РТ"]
[22,15778430407,"Трошин","Никита","Михайлович","М","2006-07-29","нет",11,11,50,100,"призер",null,"Лагинская Елена Ивановна","МБОУ СОШ \" НМР РТ"]
[23,15937075499,"Хамитова","Динара","Нодирбековна","Ж","2006-04-20","нет",11,11,38,100,"участник",null,"Лагинская Елена Ивановна","МБОУ СОШ \" НМР РТ"]
[24,15797381225,"Муртазин","Самир","Ильдарович","М","2006-02-02","нет",11,11,37,100,"участник",null,"Лагинская Елена Ивановна","МБОУ СОШ \" НМР РТ"]
[25,15925916503,"Зайнуллина","Аделя","Рафаэлевна","Ж","2006-05-17","нет",11,11,35,100,"участник",null,"Лагинская Елена Ивановна","МБОУ СОШ \" НМР РТ"]
[26,15818039885,"Токачев","Арсений","Александрович","М","2006-07-24","нет",11,11,27,100,"участник",null,"Лагинская Елена Ивановна","МБОУ СОШ \" НМР РТ"]
[27,15873135185,"Валиуллина","Эвелина","Азатовна","Ж","2006-07-27","нет",11,11,21,100,"участник",null,"Лагинская Елена Ивановна","МБОУ СОШ \" НМР РТ"]
[28,15937073900,"Зайцева","Дарина","Сергеевна","Ж","2006-09-11","нет",11,11,20,100,"участник",null,"Лагинская Елена Ивановна","МБОУ СОШ \" НМР РТ"]
[29,15790921398,"Ахмадеева","Милана","Викторовна","Ж","2006-09-16","нет",11,11,0,100,"участник",null,"Лагинская Елена Ивановна","МБОУ СОШ \" НМР РТ"]
[30,14176245554,"Газдалеев","Руслан","Маратович","М","2006-02-04","нет",11,11,0,100,"участник",null,"Лагинская Елена Ивановна","МБОУ СОШ \" НМР РТ"]
[31,15809898831,"Губайдуллин","Риназ","Риазович","М","2006-01-06","нет",11,11,0,100,"участник",null,"Лагинская Елена Ивановна","МБОУ СОШ \" НМР РТ"]

{"sheet":"Лист1","index":1,"n_rows":0,"n_cols":0,"rows_kept":0}

{"sheet":"data","index":2,"n_rows":25,"n_cols":3,"rows_kept":25,"hidden":true}
[]
["Техника, технология и техническое творчество .  Ручная обработка древесины"]
["Техника, технология и техническое творчество .  Ручная обработка металла"]
["Техника, технология и техническое творчество .  Механическая обработка древесины"]
["Техника, технология и техническое творчество .  Механическая обработка металла"]
["Техника, технология и техническое творчество .  Электротехника"]
["Техника, технология и техническое творчество .  Робототехника"]
["Техника, технология и техническое творчество .  3d - моделирование и печать"]
["Техника, технология и техническое творчество .  Обработка материалов на лазерно-гравировальной машине"]
["Техника, технология и техническое творчество .  Промышленный дизайн"]
["Культура дома, дизайн и технологии .  Обработка швейного изделия или узла + моделирование швейных изделий"]
["Культура дома, дизайн и технологии .  Обработка швейного изделия или узла + моделирование швейных изделий с использованием графических редакторов"]
["Культура дома, дизайн и технологии .  Обработка швейного изделия или узла на швейно-вышивальном оборудовании + моделирование швейных изделий"]
["Культура дома, дизайн и технологии .  Обработка швейного изделия или узла на швейно-вышивальном оборудовании + моделирование швейных изделий с использованием графических редакторов"]
["Культура дома, дизайн и технологии .  Робототехника"]
["Культура дома, дизайн и технологии .  3d - моделирование и печать"]
["Культура дома, дизайн и технологии .  Обработка материалов на лазерно-гравировальной машине"]
["Культура дома, дизайн и технологии .  Промышленный дизайн"]
["Роботехника .  "]
["Информационная безопасность ."]
[]
[]
["участник"]
["призер",null,"да"]
["победитель"]